书目信息 |
| 题名: |
建筑制图与阴影透视
|
|
| 作者: | 谭伟建 主编 | |
| 分册: | ||
| 出版信息: | 北京 中国建筑工业出版社 1997.06 |
|
| 页数: | 224页 | |
| 开本: | 16开 | |
| 丛书名: | ||
| 单 册: | ||
| 中图分类: | TU204.2-43 | |
| 科图分类: | ||
| 主题词: | 建筑设计 | |
| 电子资源: | ||
| ISBN: | 7-112-02895-7 | |
| 000 | 00575nam0 2200193 45 | |
| 001 | 0012040989 | |
| 005 | 20001204092701.6 | |
| 010 | @a7-112-02895-7@d15.00元 | |
| 100 | @a20001204d1997 km y0chiy0120 ea | |
| 101 | 0 | @achi |
| 105 | @a z 000yy | |
| 200 | 1 | @a建筑制图与阴影透视@AJian Zhu Zhi Tu Yu Yin Ying Tou Shi@f谭伟建主编@FTan Wei Jian Zhu Bian |
| 210 | @a北京@c中国建筑工业出版社@d1997.06 | |
| 215 | @a224页@d16开 | |
| 606 | 0 | @a建筑设计 |
| 690 | @aTU204.2-43@v3 | |
| 701 | 0 | @a谭伟建@4主编 |
| 801 | @aCN@bPftUser@c20001204 | |
| 905 | @b512563-567@dTU204.2-43@eT360@f5 | |
| 建筑制图与阴影透视/谭伟建主编.-北京:中国建筑工业出版社,1997.06 |
| 224页;16开 |
| ISBN 7-112-02895-7:15.00元 |
| ● |
| 相关链接 |
|
|
|
正题名:建筑制图与阴影透视
索取号:TU204.2-43/T360
 
预约/预借
| 序号 | 登录号 | 条形码 | 馆藏地/架位号 | 状态 | 备注 |
| 1 | 512563 | 205125639 | 自科二线404/404自科库 23排3列6层/ [索取号:TU204.2-43/T360] | 在馆 | |
| 2 | 512564 | 205125648 | 自科二线404/404自科库 3排4列6层/ [索取号:TU204.2-43/T360] | 在馆 | |
| 3 | 512565 | 205125657 | 建筑库101/101建筑库 39排2列4层/ [索取号:TU204.2-43/T360] | 在馆 | |
| 4 | 512566 | 205125666 | 建筑库101/101建筑库 39排2列4层/ [索取号:TU204.2-43/T360] | 在馆 | |
| 5 | 512567 | 205125675 | 自科二线404/101建筑库 14排2列1层/ [索取号:TU204.2-43/T360] | 在馆 |